000 00284nam a2200109Ia 4500
008 220204s9999 xx 000 0 und d
082 _a066.04
_bDOD
100 _aDodge, Barnett F
245 0 _aChemical engineering thermodynamics
260 _aNew York
_bMcGraw Hill
_c1944
942 _cBK
999 _c23009
_d23009